Home and foreign investment, 1870-1913 (Record no. 45649)

MARC details
000 -LEADER
fixed length control field 00555nam a2200145 a 4500
008 - FIXED-LENGTH DATA ELEMENTS--GENERAL INFORMATION
fixed length control field 120416s1953 ||||||||||||||||| || u
050 ## - LIBRARY OF CONGRESS CALL NUMBER
Classification number HG 186.G7 Cai
100 ## - MAIN ENTRY--PERSONAL NAME
Personal name Cairncross, Alexander Kirkland
245 10 - TITLE STATEMENT
Title Home and foreign investment, 1870-1913
246 ## - VARYING FORM OF TITLE
Title proper/short title studies in capital accumulation
260 ## - PUBLICATION, DISTRIBUTION, ETC.
Place of publication, distribution, etc. Cambridge
Name of publisher, distributor, etc. University press
Date of publication, distribution, etc. 1953
300 ## - PHYSICAL DESCRIPTION
Extent xvi, 251p. : ill
350 ## - PRICE (NR) (BK AM CF MU VM SE) [OBSOLETE]
Price 0.00
995 ## - RECOMMENDATION 995 [LOCAL, UNIMARC FRANCE]
-- 0.00
-- CBU-MAIN LIBRARY (Kitwe)
-- 1
-- 0.00
-- 1
-- AVAILABLE
-- Annex Low-Usage Collection
Holdings
Withdrawn status Lost status Source of classification or shelving scheme Damaged status Not for loan Home library Current library Shelving location Date acquired Total Checkouts Full call number Barcode Date last seen Price effective from Koha item type
          CBU-MAIN LIBRARY, KITWE. CBU-MAIN LIBRARY, KITWE.   11/30/2022   HG 186.G7 Cai 007608 11/30/2022 11/30/2022 MONOGRAPH